01351nam a2200241 a 450000100100000000500170001000800410002704000250006811000960009324501410018926000440033030000200037449000310039470000440042583000380046904900090050795201200051695201200063695201050075695201110086195201200097299900170109200002782520260305073951.0110405s2004 dr a 000 0 spa d aDO-SdBNPbspacBNPHU2 aRepública DominicanabSecretaría de Estado de Medio Abiemte y Recursos Naturales95489610aEstrategia de educación ambiental para el :bpara el desarrollo sustentable de la República Dominicana /cprólogo Frank Moya Pons. aSanto Domingo :bEditora Búho,c2004. a64 P. ;c21 cm.1 aPolíticas y estrategía1 aMoya Pons, Frank,d1944-epról.92095 0aPolíticas y estrategía954897 aBNPD 001054708DSaGRbGRcCTd2011-04-05iLF1l0o p27825-30r2020-06-25te. 3w2020-06-25yLFDSZPréstamo en sala 001054708DSaGRbGRcCTd2011-04-05iLF1l0o p27825-40r2020-06-25te. 4w2020-06-25yLFDSZPréstamo en sala 0010718PDaPDbPDcHDd2011-04-05iLF1l0o p27825-10r2020-06-25w2020-06-25yLFPDZNo se presta 0010718PDaPDbPDcCTd2011-04-05iLF1l0o p27825-20r2020-06-25te. 2w2020-06-25yLFPDZNo se presta 001054708DSaPDbPDcCTd2011-04-05iLF1l0o p27825-50r2020-06-25te. 5w2020-06-25yLFDSZPréstamo en sala c27317d27317